01528nam a2200433 i 450000100060000000300090000600500170001500800390003201500170007104000410008804600090012908000120013808000100015010000440016024500890020426000550029330000470034833600270039533700540042233800280047638000160050438800140052038800140053449000280054850400340057665000210061065000110063165000220064265800280066470000600069271000410075283000280079385600980082194200120091999900170093195200480094895200480099695200500104412596KOSZ 00520221025091131.0070729s1970 pl a f 001 0 pol aPB 1970/3524 aWA NcWA NdKOSZ 005/RWdKOSZ 005/HR k1970 a669.017 a620.11 aKowalski, Zbigniewc(inżynier)eAutor10aTaśmy metalowe z pokryciami organicznymi /cZbigniew Kowalski, Andrzej Kozłowski. aWarszawa :bWydawnictwa Naukowo-Techniczne,c1970. a298, [2] s., [1] k. tabl. :bil. ;c23 cm. 2rdacontentaTekstbtxt 2rdamediaaBez urządzenia pośredniczącegobn 2rdacarrieraWoluminbnc aKsiążki a1901-2000 a1945-19891 aOchrona przed Korozją aBibliogr. przy rozdz. Indeks. 4aKorozja i erozja 4aMetale 4aPowłoki ochronne aInżynieria i technika1 aKozłowski, Andrzejc(inżynieria materiałowa)eAutor2 aWydawnictwa Naukowo-Techniczne4pbl. 0aOchrona Przed Korozją uhttp://koha.tu.koszalin.pl/cgi-bin/koha/opac-detail.pl?biblionumber=12596yKatalog online BPK 2UKDcKS c12596d12596 00104070aBPKbBPKcwo7323p01627855yKS 00104070aBPKbBPKcwo7324p01786859yKS 00104070aBPKbBPKcwo7324/Lp02268156yKS